Disney Channel's TV Shows Quiz Stats

 Plays Quiz not verified by Sporcle

Challenge
Share
Tweet
Embed
Score 0/9 Timer 10:00
0 Plays Today
Characters TV Show % Correct
Gabe, PJ, TeddyGood Luck Charlie
91.9%
Phineas, Ferb, CandacePhineas and Ferb
77.7%
Rocky, CeCeShake It Up
76.2%
Sonny, ChadSonny With A Chance
71.9%
Zack, Cody, LondonThe Suite Life On Deck
66.3%
Nick, Joe, KevinJonas LA
43.4%
Miley, LilyHannah Montana Forever
31%
Milo, Bea, and OscarFishooks
20.2%
Alex, Justin, HarperWizards on Waverly Place
7.9%

You're not logged in!

Compare scores with friends on all Sporcle quizzes.
OR
Log In

You Might Also Like...

Show Comments

Extras

Created Feb 21, 2011SourceReportNominate
Tags:Disney Quiz

Top Quizzes Today


Score Distribution

Your Account Isn't Verified!

In order to create a playlist on Sporcle, you need to verify the email address you used during registration. Go to your Sporcle Settings to finish the process.

Report this User

Report this user for behavior that violates our Community Guidelines.

Details: